Southville International School and Colleges
Your cart is empty.
  • Cart
  • Lists
    Public lists Eva Luna New books Lux_list list_1
    Your lists Log in to create your own lists
  • Log in to your account
  • Your cookies
  • Search history
Southville International School and Colleges
  • Advanced search
  • Recent comments
  • Most popular
  • Libraries

Log in to your account

Log in with GOOGLE


If you do not have an external account, but do have a local account, you can still log in:

  1. Home
  2. MARC view: Getting down to earth :
Normal view MARC view ISBD view

Getting down to earth : (Record no. 9965)

[ view plain ]
MARC details
000 -LEADER
fixed length control field 00855cam a2200289 4500
001 - CONTROL NUMBER
control field 303249
003 - CONTROL NUMBER IDENTIFIER
control field SISC
005 - DATE AND TIME OF LATEST TRANSACTION
control field 20160203095934.0
008 - FIXED-LENGTH DATA ELEMENTS--GENERAL INFORMATION
fixed length control field 721103s1972 caua b 000 0 eng
010 ## - LIBRARY OF CONGRESS CONTROL NUMBER
LC control number 72192148
040 ## - CATALOGING SOURCE
Original cataloging agency DLC
Transcribing agency DLC
Modifying agency DLC
050 00 - LIBRARY OF CONGRESS CALL NUMBER
Classification number TD 174
Item number .G394 1972
082 00 - DEWEY DECIMAL CLASSIFICATION NUMBER
Classification number HS 628.5
Item number G33 1972
100 1# - MAIN ENTRY--PERSONAL NAME
Personal name Arcarese, Carol A.
9 (RLIN) 15630
245 10 - TITLE STATEMENT
Title Getting down to earth :
Remainder of title an environmental handbook /
Statement of responsibility, etc Carol A. Arcarese
260 ## - PUBLICATION, DISTRIBUTION, ETC. (IMPRINT)
Place of publication, distribution, etc San Francisco,
Name of publisher, distributor, etc Public Relations Dept., Bank of America,
Date of publication, distribution, etc c1972.
300 ## - PHYSICAL DESCRIPTION
Extent 71 p.
Other physical details ill.
Dimensions 28 cm.
350 ## - PRICE (NR) (BK AM CF MU VM SE) [OBSOLETE]
Price $1.00
500 ## - GENERAL NOTE
General note Cover title.
504 ## - BIBLIOGRAPHY, ETC. NOTE
Bibliography, etc Bibliography: p. 59-62.
610 ## - SUBJECT ADDED ENTRY--CORPORATE NAME
Source of heading or term solid waste management
650 #0 - SUBJECT ADDED ENTRY--TOPICAL TERM
Topical term or geographic name as entry element Pollution.
9 (RLIN) 12188
710 2# - ADDED ENTRY--CORPORATE NAME
Corporate name or jurisdiction name as entry element Bank of America.
9 (RLIN) 15631
906 ## - LOCAL DATA ELEMENT F, LDF (RLIN)
a 7
b cbc
c orignew
d 4
e ncip
f 19
g y-gencatlg
942 ## - ADDED ENTRY ELEMENTS (KOHA)
Source of classification or shelving scheme Library of Congress Classification
Koha item type Books
Holdings
Withdrawn status Lost status Source of classification or shelving scheme Damaged status Home library Current library Shelving location Date acquired Total Checkouts Full call number Barcode Date last seen Copy number Price effective from Koha item type
    Library of Congress Classification   Luxembourg Library Luxembourg Library High School Section 08/30/2013   TD 174 .G394 1972 12756 08/30/2013 1 08/30/2013 Books

Getting down to earth :

APA

Arcarese C. A., Bank of America, . (1972). Getting down to earth. San Francisco: Public Relations Dept., Bank of America.

Chicago

Arcarese Carol A, Bank of America, . 1972. Getting down to earth. San Francisco: Public Relations Dept., Bank of America.

Harvard

Arcarese C. A., Bank of America, . (1972). Getting down to earth. San Francisco: Public Relations Dept., Bank of America.

MLA

Arcarese Carol A, Bank of America, . Getting down to earth. San Francisco: Public Relations Dept., Bank of America. 1972.

  • Place hold
  • Print
  • Cite
  • Add to your cart (remove)
  • Save record
    BIBTEX Dublin Core MARCXML MARC (non-Unicode/MARC-8) MARC (Unicode/UTF-8) MARC (Unicode/UTF-8, Standard) MODS (XML) RIS
  • More searches
    Search for this title in:
    Other Libraries (WorldCat) Other Databases (Google Scholar) Online Stores (Bookfinder.com) Open Library (openlibrary.org)

Exporting to Dublin Core...

SOUTHVILLE LIBRARY

Southville International School and Colleges Library

1281 Tropical Ave. Cor. Luxembourg St., BF Homes International, Las Pinas City

Tel. No. 8256374 / 252358 Loc. 117/146

Powered by Koha